000 00273nam a2200121Ia 4500
005 20251222141759.0
008 251222s9999||||xx |||||||||||||| ||spa||
082 _a828.9/O75/2003
100 _aOrwell, George
245 0 _a1984
264 _bPlaneta DeAgostini
942 _cLIB
999 _c6086
_d6086